| 000 | 00843nam a22001937a 4500 | ||
|---|---|---|---|
| 005 | 20260514141739.0 | ||
| 010 | _aB-779536-547 BACEN26 | ||
| 020 |
_a9789395695725 _c995.00 |
||
| 035 | _aB-779536-547 | ||
| 037 | _bSwraj prakashan | ||
| 082 | _a954.05 | ||
| 245 |
_aApratim Bharat Azadi ka Amrit Mahotsav / _cedited by mamta sharma [and] Neelam rathi |
||
| 260 |
_aDelhi _bSwaraj Prakashan _c2024 |
||
| 270 |
_bNew Delhi _a4648/1,21, Ansari Road, Daryaganj _e110002 |
||
| 300 |
_a256p. _c22cm(Hb) |
||
| 700 |
_aRathi, Neelam _987769 |
||
| 942 |
_2ddc _cEN _h954.05 _mAPR |
||
| 999 |
_c215178 _d215178 |
||